000 00826nam a2200241Ii 4500
003 JO-AjNU
008 230605s9999||||xx |||||||||||||| ||und||
017 _a2004/7231
020 _a977-6038-09-3
040 _aJO-AjNU
_bara
_erda
_cJO-AjNU
041 _aara
050 1 4 _aBP166.G4222 2004
100 3 _aالغزالي، أبي حامد محمد بن محمد ، تحقيق وتعليق: صفوت جودة أحمد,
_eauthor
_910600
245 0 0 _aإلجام العوام عن علم الكلام
250 _aط1
264 3 1 _aالقاهرة: دار الحرم للتراث، 2004
300 _a91ص
336 _atext
_btxt
_2rdacontent
337 _aunmediated
_bn
_2rdamedia
338 _avolume
_bnc
_2rdacarrier
490 0 _aمن تراث الغزالي
650 4 _aعلم الكلام- الايمان
_910601
999 _aA1889
_c5457
_d5457